000 00399nam a22001457a 4500
020 _a-
082 _a854.4391 MAL
100 _aMalik, Nadeem Shafiq Dr.
245 _aNawadrat-e-Allama Iqbal (Urdu)
260 _aKarachi
_bFiction House
_c2015
300 _a336 p.
500 _aIncludes bibliographical references
650 _a1. Iqbal, Muhammad Sir, 1877-1938. 2. Bibliography
942 _cBK
999 _c490330
_d490330